Predicting the fractional flow reserve and clinical significance of coronary lesions based on geometric and hemodynamic parameters / (رقم التسجيلة. 47620)
[ عرض عادي ]
| 000 -LEADER | |
|---|---|
| fixed length control field | 02012cam a2200337 a 4500 |
| 003 - CONTROL NUMBER IDENTIFIER | |
| control field | EG-GiCUC |
| 005 - DATE AND TIME OF LATEST TRANSACTION | |
| control field | 20250223031048.0 |
| 008 - FIXED-LENGTH DATA ELEMENTS--GENERAL INFORMATION | |
| fixed length control field | 140930s2013 ua h f m 000 0 eng d |
| 040 ## - CATALOGING SOURCE | |
| Original cataloging agency | EG-GiCUC |
| Language of cataloging | eng |
| Transcribing agency | EG-GiCUC |
| 041 0# - LANGUAGE CODE | |
| Language code of text/sound track or separate title | eng |
| 049 ## - LOCAL HOLDINGS (OCLC) | |
| Holding library | Deposite |
| 097 ## - Thesis Degree | |
| Thesis Level | M.Sc |
| 099 ## - LOCAL FREE-TEXT CALL NUMBER (OCLC) | |
| Classification number | Cai01.13.03.M.Sc.2013.Ah.P |
| 100 0# - MAIN ENTRY--PERSONAL NAME | |
| Personal name | Ahmed Nabil Abdelsalam |
| 245 10 - TITLE STATEMENT | |
| Title | Predicting the fractional flow reserve and clinical significance of coronary lesions based on geometric and hemodynamic parameters / |
| Statement of responsibility, etc. | Ahmed Nabil Abdelsalam ; Supervised Mohamed Emad Mousa Rasmy , Amr Abdelrahman Sharawi |
| 246 15 - VARYING FORM OF TITLE | |
| Title proper/short title | التنبؤ بسريان الدم الجزئى و مدى الأهمية الإكلينيكية لإنسداد الشريان التاجى بناء على الإحداثيات الجيوميترية للشريان و ديناميكية سريان الدم |
| 260 ## - PUBLICATION, DISTRIBUTION, ETC. | |
| Place of publication, distribution, etc. | Cairo : |
| Name of publisher, distributor, etc. | Ahmed Nabil Abdelsalam , |
| Date of publication, distribution, etc. | 2013 |
| 300 ## - PHYSICAL DESCRIPTION | |
| Extent | 95 P. : |
| Other physical details | facsimiles ; |
| Dimensions | 30cm |
| 502 ## - DISSERTATION NOTE | |
| Dissertation note | Thesis (M.Sc.) - Cairo University - Faculty of Engineering - Department of Systems and Biomedical Engineering |
| 520 ## - SUMMARY, ETC. | |
| Summary, etc. | Coronary artery disease (CAD) constitutes a major health problem in many parts of the world and results from narrowing or blockage of the blood vessels. Cardiac catheterization is used for the assessment of the severity of stenosis by visual or quantitative estimation of the geometry. However, these currently standard methods are related to misestimating the presence and severity of lesions, and do not always correlate with either the clinical presentation or the physiological significance of a given coronary stenosis |
| 530 ## - ADDITIONAL PHYSICAL FORM AVAILABLE NOTE | |
| Additional physical form available note | Issued also as CD |
| 653 #4 - INDEX TERM--UNCONTROLLED | |
| Uncontrolled term | Coronary lesions |
| 653 #4 - INDEX TERM--UNCONTROLLED | |
| Uncontrolled term | Fractional flow reserve |
| 653 #4 - INDEX TERM--UNCONTROLLED | |
| Uncontrolled term | Lesions giometric |
| 700 0# - ADDED ENTRY--PERSONAL NAME | |
| Personal name | Amr Abdelrahman Sharawi , |
| Relator term | |
| 700 0# - ADDED ENTRY--PERSONAL NAME | |
| Personal name | Mohamed Emad Mousa Rasmy , |
| Relator term | |
| 856 ## - ELECTRONIC LOCATION AND ACCESS | |
| Uniform Resource Identifier | <a href="http://172.23.153.220/th.pdf">http://172.23.153.220/th.pdf</a> |
| 905 ## - LOCAL DATA ELEMENT E, LDE (RLIN) | |
| Cataloger | Nazla |
| Reviser | Revisor |
| 905 ## - LOCAL DATA ELEMENT E, LDE (RLIN) | |
| Cataloger | Samia |
| Reviser | Cataloger |
| 942 ## - ADDED ENTRY ELEMENTS (KOHA) | |
| Source of classification or shelving scheme | Dewey Decimal Classification |
| Koha item type | Thesis |
| Source of classification or shelving scheme | Not for loan | Home library | Current library | Date acquired | Full call number | Barcode | Date last seen | Koha item type | Copy number |
|---|---|---|---|---|---|---|---|---|---|
| Dewey Decimal Classification | المكتبة المركزبة الجديدة - جامعة القاهرة | قاعة الرسائل الجامعية - الدور الاول | 11.02.2024 | Cai01.13.03.M.Sc.2013.Ah.P | 01010110063485000 | 22.09.2023 | Thesis | ||
| Dewey Decimal Classification | المكتبة المركزبة الجديدة - جامعة القاهرة | مخـــزن الرســائل الجـــامعية - البدروم | 11.02.2024 | Cai01.13.03.M.Sc.2013.Ah.P | 01020110063485000 | 22.09.2023 | CD - Rom | 63485.CD |